000 00467nam a2200169 a 4500
005 20140412111329.0
008 030110s19uu xx 00 eng d
020 _a0-02-685812-6
050 _aBB
_bBe35 1991
100 _aBrett, Jan
245 _aBerlioz: the bear /
_cJan Brett.
260 _aColumbus, Ohio :
_bSRA-Macmillan/McGraw-Hill,
_c1991.
300 _a1 v. (unp.) ; ill.
650 _aAnimals--Fiction
650 _aMusicians--Fiction
999 _c104843
_d104843